La Alcarria (Record no. 118525)

MARC details
000 -LEADER
campo de control de longitud fija 00580nam a2200157 4500
001 - NÚMERO DE CONTROL
campo de control 118525
003 - IDENTIFICADOR DE NÚMERO DE CONTROL
campo de control ES-MaACL
005 - FECHA Y HORA DE LA ÚLTIMA TRANSACCIÓN
campo de control 20230906191122.0
007 - CAMPO FIJO DE DESCRIPCIÓN FÍSICA--INFORMACIÓN GENERAL
campo de control de longitud fija t|
008 - DATOS DE LONGITUD FIJA--INFORMACIÓN GENERAL
campo de control de longitud fija 070214s1904 sp r ||||1| spa d
100 1# - ENTRADA PRINCIPAL--NOMBRE DE PERSONA
Nombre de persona Pareja Serrada, Antonio.
9 (RLIN) 89067
245 13 - MENCIÓN DEL TÍTULO
Título La Alcarria
Resto del título : su historia, su presente y su porvenir : conferencias pronunciadas en el Centro Alcarreño los días 26 marzo y 7 mayo de 1904 /
Mención de responsabilidad, etc. por D. Antonio Pareja Serrada.
260 ## - PUBLICACIÓN, DISTRIBUCIÓN, ETC.
Lugar de publicación, distribución, etc. Guadalajara :
Nombre del editor, distribuidor, etc. [s. n.],
Fecha de publicación, distribución, etc. 1904 (
Fabricante Est. tip. `La Región`)
300 ## - DESCRIPCIÓN FÍSICA
Extensión 35 p. ;
Dimensiones 21 cm.
852 ## - LOCALIZACIÓN
Ubicación ES-MaACL
Número de control de estantería T-1040-F-5
Holdings
Estatus retirado Estado de pérdida Estado de daño No para préstamo Colección Biblioteca de origen Biblioteca actual Ubicación en estantería Fecha de adquisición Fuente de adquisición Total de préstamos Signatura topográfica completa Código de barras Visto por última vez Precio de reemplazo Tipo de ítem Koha
        Colección de folletos Biblioteca del Ateneo de Madrid Biblioteca del Ateneo de Madrid Depósito folletos 17/01/2008     T-1040-F-5 1123561 23/02/2023 23/02/2023 Folleto